CRC Handbook of Chemistry and Physics 86th Edition
Enregistré dans:
| Format: | Livre |
|---|---|
| Langue: | anglais |
| Publié: |
Boca Raton
Taylor & Francis
2005
|
| Édition: | 86th edition |
| Collection: | Handbook of chemistry and physics 2005-2006, 86th edition
|
| Sujets: | |
| Accès en ligne: | Voir à l'OPAC |
| Tags: |
Pas de tags, Soyez le premier à ajouter un tag!
|
MARC
| LEADER | 00000nam a2200000 a 4500 | ||
|---|---|---|---|
| 005 | 20260127133933.0 | ||
| 008 | 060724 2005 xxu 000 0 eng d | ||
| 020 | |a 0849304865 | ||
| 035 | |a vtls008832875 | ||
| 039 | 9 | |y 200607241120 |z mschk03 | |
| 040 | |a STUSCHK1 |b slo |c STUSCHK1 |e AACR2 | ||
| 080 | |a 51+53(03) | ||
| 245 | 1 | |a CRC Handbook of Chemistry and Physics 86th Edition |c David R. Lide, editor-in chief | |
| 250 | |a 86th edition | ||
| 260 | |a Boca Raton |b Taylor & Francis |c 2005 | ||
| 300 | |a nepr.s. | ||
| 490 | 0 | |a Handbook of chemistry and physics 2005-2006, 86th edition | |
| 650 | 0 | |a chemistry |x physics | |
| 910 | |a SCHK95 | ||
| 919 | |a 0-8493-0486-5 | ||
| 999 | |c 427 |d 427 | ||